Designing training programs : the critical events model /

Bibliographic Details
Main Author: Nadler, Leonard
Format: Book
Language:English
Published: Reading, Mass. : Addison-Wesley, [1982]
Subjects:

MARC

Tag First Indicator Second Indicator Subfields
LEADER 00000cam a22000008a 4500
001 in00000077059
005 20151008060518.0
008 810727s1982 maua b 00110 eng
010 |a  81012840  
020 |a 0201051680 :  |c $18.95 (est.) 
035 |a (OCoLC)07738415 
035 |9 AAJ5919AM 
039 0 |a 2  |b 3  |c 3  |d 3  |e 3 
040 |a DLC  |c DLC  |d TXA  |d UtOrBLW 
049 |a TXAM  |c [933323] 
050 0 0 |a HF5549.5.T7  |b N285 
082 0 |a 658.3/12404  |2 19 
100 1 |a Nadler, Leonard. 
245 1 0 |a Designing training programs :  |b the critical events model /  |c Leonard Nadler. 
263 |a 8201 
264 1 |a Reading, Mass. :  |b Addison-Wesley,  |c [1982] 
264 4 |c ©1982 
300 |a xii, 252 pages :  |b illustrations ;  |c 24 cm. 
336 |a text  |b txt  |2 rdacontent 
337 |a unmediated  |b n  |2 rdamedia 
338 |a volume  |b nc  |2 rdacarrier 
504 |a Includes bibliographical references and index. 
650 0 |a Employees  |x Training of. 
999 |a MARS 
999 f f |s 3c006c27-c0af-398f-a12e-2a4ee2020204  |i 7b04364e-4f43-38b0-8764-edb6344975f3  |t 0 
952 f f |p ric  |a Texas A&M University  |b Rellis Campus  |c Joint Library Facility  |d Remote Storage  |t 0  |e HF5549.5.T7 N285  |h Library of Congress classification  |i unmediated -- volume  |m A14824914919 
998 f f |a HF5549.5.T7 N285  |t 0  |l Remote Storage